000 00442nam a2200169Ia 4500
003 LK-CoDNM
008 010623t1935 xxu||||| |||| 00| 1 eng d
040 _aLK-CoDNM
_dLK-CoDNM
_eLK-CoDNM
041 _aeng
080 _a10 U 24
100 _aFitzgerald,C.P.
245 _aChina : A short Cultural History
260 _bThe Cresset Press
_aLondon
_c1935
300 _bxviii,615p,ill,pl,map., 25 cm
700 _aSeligman,C.G.
942 _cBK
999 _c97622
_d97622